000 00725cam a22002413a 4500
001 42919
003 PGUSA
005 20140828083956.0
008 130612s2013||||xxu|||||s|||||000 1 eng d
040 _aPGUSA
_beng
042 _adc
050 4 _aPR
100 1 _aWilliamson, A. M.
_q(Alice Muriel),
_d1869-1933
245 1 0 _aAngel Unawares :
_bA Story of Christmas Eve
_h[electronic resource] /
_cA. M. Williamson
260 _bProject Gutenberg,
_c2013
506 _aPublic domain in the USA.
516 _aElectronic text
653 _aWorld War, 1914-1918 -- France -- Fiction
653 _aChristmas stories
830 0 _aProject Gutenberg
_v42919
856 4 0 _uhttp://www.gutenberg.org/ebooks/42919
942 _cEB
999 _c272171
_d272171